Tilastot visalle Saaret paljastavat saaret

Klikkaa tästä pelataksesi tätä visaa!

Yleistilastot

  • Tätä visaa on pelattu 29 kertaa
  • Keskiarvotulos 6 / 34

Vastaukset kartalla

Vastauksille on annettu kartalla punavihreä väri sen mukaan, kuinka moni on saanut sen oikein.
 

Vastaustilastot

vastaus% Oikein
Sri Lanka
84%
Taiwan
40%
Hokkaido
32%
Irlanti
32%
Madagaskar
32%
Sardinia
32%
Grönlanti
28%
Hispaniola
28%
Honshu
28%
Islanti
28%
Borneo
24%
Iso-Britannia
24%
Kuuba
24%
Kypros
24%
Malta
24%
Sumatra
24%
Jamaika
20%
Baffin
12%
Mallorca
12%
Sahalin
12%
Sulawesi
12%
Jaava
8%
Korsika
8%
Kreeta
8%
Luzon
8%
Rodos
8%
Sisilia
8%
Trinidad
8%
Uusi-Guinea
8%
Anglesey
0%
Aruba
0%
Kyushu
0%
Martinique
0%
Mayotte
0%

Tulosjakauma

Persentiili vastausten määrän mukaan

Jokaisen tuloksen saaneiden osuus

Tuloshistoriasi

Et ole pelannut tätä visaa